Vývoj sektora IKT v Bratislavskom regióne
Zhodnotenie vývoja sektora IKT v Bratislavskom regióne. Vznik a vývoj IKT firiem po roku 1989, zahraničné investície v sektore IKT a inovácie vo vybraných firmách v skúmanom odvetví. V záverečnej časti príspevku autor sumarizuje získané informácie a poznatky. Príspevok je založený na osobných interv...
Gespeichert in:
| 1. Verfasser: | |
|---|---|
| Format: | Buchkapitel |
| Sprache: | Slowakisch |
| Schlagworte: | |
| Tags: |
Keine Tags, Fügen Sie das erste Tag hinzu!
|
MARC
| LEADER | 00000nla$a2200000$$$4500 | ||
|---|---|---|---|
| 001 | 0125768 | ||
| 005 | 20240521114254.5 | ||
| 041 | 0 | |a slo | |
| 044 | |a SK | ||
| 245 | 1 | 0 | |a Vývoj sektora IKT v Bratislavskom regióne |c Rudolf Pástor |
| 520 | |a Zhodnotenie vývoja sektora IKT v Bratislavskom regióne. Vznik a vývoj IKT firiem po roku 1989, zahraničné investície v sektore IKT a inovácie vo vybraných firmách v skúmanom odvetví. V záverečnej časti príspevku autor sumarizuje získané informácie a poznatky. Príspevok je založený na osobných interview vo vybraných IKT firmách a inštitúciách v Bratislavskom regióne. | ||
| 610 | 2 | 0 | |a technológie informačné |
| 610 | 2 | 0 | |a technológie komunikačné |
| 610 | 2 | 0 | |a firmy |
| 610 | 2 | 0 | |a investície zahraničné |
| 610 | 2 | 0 | |a Slovensko |
| 610 | 2 | 0 | |a regióny |
| 100 | 1 | |a Pástor, Rudolf | |